Building trust in government (Record no. 192540)
[ view plain ]
| 000 -LEADER | |
|---|---|
| fixed length control field | 01396nam a2200337Ia 4500 |
| 082 04 - DEWEY DECIMAL CLASSIFICATION NUMBER | |
| Classification number | 320.9501/9 |
| 245 00 - TITLE STATEMENT | |
| Title | Building trust in government |
| 260 ## - PUBLICATION, DISTRIBUTION, ETC. (IMPRINT) | |
| Place of publication | New York : |
| Name of publisher | United Nations University Press, |
| Year of publication | c2010. |
| 300 ## - PHYSICAL DESCRIPTION | |
| Number of Pages | xv, 260 p. : |
| Other physical details | ill. |
| 650 #0 - SUBJECT ADDED ENTRY--TOPICAL TERM | |
| Topical Term | Trust |
| Topical Term | Political alienation |
| Topical Term | Organizational change |
| 700 1# - ADDED ENTRY--PERSONAL NAME | |
| Personal name | Cheema, G. Shabbir. |
| Personal name | Popovski, Vesselin. |
| 856 40 - ELECTRONIC LOCATION AND ACCESS | |
| Uniform Resource Identifier | http://site.ebrary.com/lib/rucke/Doc?id=10397552 |
No items available.
